000 00938nam a22002777a 4500
001 BR9405189
003 BR-BrBNA
005 20230928094313.0
007 ta
008 230509b bl.||||| |||| 00| 0 por d
040 _aBR-BrBNA
_bpor
_cBiblioteca Nacional de Agricultura
041 _a(Por)
072 _aL53
_b5212
090 _ 5212 BR9405189
100 1 _aSchmidt, R.G.
110 1 _aUniversidade Federal de Minas Gerais, Belo Horizonte (Brasil). Escola de Veterinaria
_0Tese (Mestrado)
245 1 _aAvaliacao de dois metodos de fertilizacao in vitro em bovinos: co-cultura de oocitos e espermatozoides e microinjecao
260 3 _aBelo Horizonte, MG (Brasil):
_c1994.
300 _a81 p.
500 _aBibliography p. 73-81 (101 ref.); Summaries (Eng, Por); 8 illus.; 7 tables
650 _aBovino
650 _aFertilidade Animal
650 _aEspermatozoide
909 _a202309
_bLucia
_c55
_dLucia Elande
942 _cBK
999 _c49954
_d49954